000 00399nam a2200145 i 4500
001 74681
003 ES-MaACL
007 t|
008 040920s1929 sp ||||1| spa d
100 1 _aGordillo Carrasco, Antonio.
_959145
245 1 0 _aCartas interiores /
_cAntonio Gordillo Carrasco.
260 _aValencia :
_bJosé Villamala,
_c1929.
300 _a118 p. ;
_c17 cm.
852 _aES-MaACL
_jB-6118
999 _c74681
_d74681